00779nam a2200241 a 450000100100000000500170001000800410002702000150006804000250008308200160010824500190012426000360014330000310017949000250021050000380023560000470027365000310032065100260035183000320037704900090040995201020041899900170052000001942620200929170020.0100629s2006 sp c 000 0 spa d a848403867X aDO-SdBNPbspacBNPHU a923.1bC42100aJulio César. aMadrid :bEdimat Libros,c2006. a187 p. :bretrs. ;c22 cm.1 aGrandes biografías aIncluye notas al pie de páginas14aJULIO CÉSARd100 a. C. - 44 a. C.941699 4aEmperadores romanos927900 4aRomaxHistoria910862 0aGrandes biografías911230 aBNPD 001050718MOaRbRcCTd2010-06-29iLF1l0o923.1 C421p19426-10r2020-06-25w2020-06-25y1Z01 c18942d18942